000 01534nam a2200373 i 4500
001 000044688
003 DO-SdBNP
005 20260312131402.0
007 ta
008 141216s2014 dr 000 0 spa d
020 _z9789945451031
040 _aDO-SdBNP
_bspa
_cBNPHU
_erda
041 _aspa
082 4 _axxx
_222
100 _aConde Rubio, Emilio
_989190
245 1 0 _aDuarte en la Restauración :
_bsus desvelos patrióticos y diplomáticos /
_cEmilio Conde Rubio y Reynaldo R. Espinal ; fotografía de la portada, Polibio ; edición a cargo de Roberto Rodríguez Castillo ; diagramación, Rafael E. Domínguez Gautreaux ; presentación, Carlos Morales Troncoso.
250 _aPrimera edición
264 _aSanto Domingo, República Dominicana :
_bMinisterio de Relaciones Exteriores,
_c2014.
300 _a68 páginas ;
_c22 cm.
336 _atexto
_btxt
_2rdacontent
337 _asin mediación
_bnc
_2rdamedia
338 _avolumen
_bnc
_2rdacarrier
490 0 _aColección MIREX - INESDYC
500 _aIncluye notas y referencias bibliográficas al pie de las página
504 _aBibliografías: páginas 61-64
590 _aInventariado, 2026 /LP
700 1 _aEspinal, Reynaldo R Díaz,
_eautor
_4aut.
_989191
700 1 _aRodríguez Castillo, Roberto,
_eedición
_4ed.
_972687
700 1 _aDíaz, Polibio R,
_989192
700 1 _aDomíguez Gautreaux, Rafael E
_ediagramador
_989193
_4diag.
700 1 _aMorales Troncoso, Carlos,
_epresentador
_989194
_4pr.
910 _aLP
942 _2ddc
_cLBS1
999 _c44177
_d44177